[Event "81st ch-ESP 2016"]
[White "Jimenez Bernal, Francisco"]
[Black "Alvarado Diaz, Alejandro"]
[Site "Linares ESP"]
[Result "1-0"]
[Date "2016.08.06"]
[WhiteElo "2237"]
[BlackElo "2441"]
[PlyCount "95"]

1. Nf3 Nf6 2. c4 g6 3. Nc3 Bg7 4. e4 d6 5. d4 0-0 6. Be2 e5 7. dxe5 dxe5 8. Qxd8 Rxd8 9. Bg5 c6 10. Nxe5 Re8 11. 0-0-0 Na6 12. Rd6 Be6 13. f4 Nc5 14. Bf3 h6 15. Bh4 g5 16. Bf2 Na6 17. g3 Re7 18. b3 Ne8 19. Rd2 Bh3 20. Bd4 Nec7 21. Bg4 Bxe5 22. Bxh3 Bxd4 23. Rxd4 Nc5 24. e5 N7e6 25. Bxe6 Nxe6 26. Re4 Nc5 27. Re3 Rd8 28. Rd1 Rxd1+ 29. Kxd1 Kh7 30. Ke2 Kg6 31. Kf3 Rd7 32. h3 a5 33. Ne4 Nxe4 34. Kxe4 f5+ 35. exf6 Kxf6 36. fxg5+ hxg5 37. Rf3+ Kg6 38. Ke5 Rd2 39. a4 g4 40. hxg4 Kg7 41. Ke4 Rd7 42. Rd3 Re7+ 43. Kf5 b6 44. g5 Rb7 45. Ke6 Kg6 46. Rd7 Rb8 47. Kd6 b5 48. Kc7 1-0

[Event "81st ch-ESP 2016"]
[White "Santos Ruiz, Miguel"]
[Black "Bravo Barranco, Narciso"]
[Site "Linares ESP"]
[Result "1/2-1/2"]
[Date "2016.08.06"]
[WhiteElo "2440"]
[BlackElo "2251"]
[PlyCount "68"]

1. e4 c6 2. d4 d5 3. e5 Bf5 4. h4 h5 5. Bd3 Bxd3 6. Qxd3 Qa5+ 7. Nd2 e6 8. Ne2 Qa6 9. c4 Ne7 10. b3 Nd7 11. 0-0 Nf5 12. Nf3 Nb6 13. Ng3 dxc4 14. Qe2 c3 15. Qc2 g6 16. Nxf5 gxf5 17. Qxc3 Nd5 18. Qb2 Qd3 19. Bg5 Bb4 20. Rfd1 Qa6 21. Qc2 Rg8 22. a3 Be7 23. b4 Rd8 24. Qd2 Rg6 25. Rdb1 Qc4 26. Kh2 Rd7 27. Rc1 Qb5 28. Qd1 Bxg5 29. Nxg5 Nf4 30. g3 Qe2 31. gxf4 Qxf2+ 32. Kh3 Rxd4 33. Qf3 Qxf3+ 34. Nxf3 Rd3 1/2-1/2

[Event "81st ch-ESP 2016"]
[White "Escudero Manzano, Sergio"]
[Black "Suarez Gomez, Julio"]
[Site "Linares ESP"]
[Result "0-1"]
[Date "2016.08.06"]
[WhiteElo "2290"]
[BlackElo "2429"]
[PlyCount "98"]

1. e4 e6 2. d4 d5 3. Nd2 Nf6 4. e5 Nfd7 5. Bd3 c5 6. c3 b6 7. Ne2 Ba6 8. Bxa6 Nxa6 9. Nf4 Nc7 10. h4 b5 11. a4 b4 12. Qg4 a5 13. Nf3 c4 14. Nh5 g6 15. Nf4 h6 16. Nh2 b3 17. h5 g5 18. Nh3 f5 19. exf6 Nxf6 20. Qe2 Rg8 21. Ng4 Bg7 22. Ng1 Qd6 23. Ne5 Nd7 24. Ng6 Nf8 25. f4 Nxg6 26. hxg6 gxf4 27. Nh3 e5 28. Bxf4 Qxg6 29. dxe5 Bf8 30. 0-0 Bc5+ 31. Kh1 0-0-0 32. Bh2 Rdf8 33. Nf4 Qg4 34. Qd2 Rf5 35. Rae1 Qg5 36. Qe2 Qe7 37. Nxd5 Rxf1+ 38. Qxf1 Nxd5 39. Qxc4 Rd8 40. Bg1 Nb6 41. Bxc5 Nxc4 42. Bxe7 Rd2 43. e6 Nxb2 44. Bf6 Rd1 45. Rxd1 Nxd1 46. c4 b2 47. Bxb2 Nxb2 48. c5 Nxa4 49. c6 Kd8 0-1

[Event "81st ch-ESP 2016"]
[White "Espinosa Aranda, Angel"]
[Black "Lianes Garcia, Marcos"]
[Site "Linares ESP"]
[Result "1-0"]
[Date "2016.08.06"]
[WhiteElo "2422"]
[BlackElo "2236"]
[PlyCount "103"]

1. e4 c5 2. Ne2 d6 3. g3 g6 4. Bg2 Bg7 5. c3 Nf6 6. d4 Nbd7 7. 0-0 0-0 8. h3 e5 9. Be3 Re8 10. dxc5 Nxc5 11. Bxc5 dxc5 12. c4 Be6 13. Qc2 Qc8 14. Kh2 Rd8 15. b3 Ne8 16. Nbc3 Nd6 17. Rad1 Qc7 18. Rd3 a6 19. Rfd1 Ne8 20. h4 Rxd3 21. Qxd3 Bf6 22. Bh3 Rd8 23. Qc2 Rxd1 24. Nxd1 Qd8 25. Ne3 Qd7 26. Bg2 Be7 27. Nc3 Nf6 28. Bf3 h5 29. Ncd5 Bxd5 30. cxd5 b5 31. a4 Bd6 32. Kg2 Kf8 33. Be2 Ne8 34. Nd1 Nc7 35. Nc3 Ke7 36. Qa2 f5 37. axb5 axb5 38. Qd2 f4 39. Qa2 fxg3 40. fxg3 Qe8 41. Qa7 b4 42. Na4 Qa8 43. Qb6 Qc8 44. Nb2 Ne8 45. Nc4 Qc7 46. Qa6 Nf6 47. Nb6 Nxe4 48. Bd3 Nc3 49. Nc8+ Kd7 50. Bxg6 Be7 51. Qe6+ Kd8 52. Qg8+ 1-0

[Event "81st ch-ESP 2016"]
[White "Garcia Martin, Marta"]
[Black "Cruz Lledo, Pablo"]
[Site "Linares ESP"]
[Result "0-1"]
[Date "2016.08.06"]
[WhiteElo "2229"]
[BlackElo "2414"]
[PlyCount "84"]

1. e4 c6 2. d4 d5 3. e5 Bf5 4. Nf3 e6 5. Be2 Ne7 6. 0-0 Nc8 7. Nbd2 Be7 8. Nb3 0-0 9. a4 Nd7 10. a5 a6 11. c4 Na7 12. c5 f6 13. Bf4 Nb5 14. Re1 Be4 15. exf6 Bxf6 16. Bg3 Qe8 17. Nbd2 Qg6 18. Nxe4 dxe4 19. Bxb5 axb5 20. Nh4 Bxh4 21. Bxh4 e5 22. b4 Qf5 23. d5 g5 24. Bg3 Nf6 25. dxc6 bxc6 26. Qd6 Nd5 27. Qxc6 Nxb4 28. Qxe4 Nc2 29. Qd5+ Qf7 30. Qxe5 h6 31. Qd6 Nxe1 32. Rxe1 Rae8 33. Rf1 Qe6 34. Qxe6+ Rxe6 35. Bc7 Rfe8 36. f4 Re1 37. Bb6 Rxf1+ 38. Kxf1 b4 39. c6 b3 40. Bd4 Rc8 41. fxg5 Rxc6 42. Ke2 b2 0-1

[Event "81st ch-ESP 2016"]
[White "Jimenez Almeida, Luis David"]
[Black "Vega Gutierrez, Sabrina"]
[Site "Linares ESP"]
[Result "0-1"]
[Date "2016.08.06"]
[WhiteElo "2212"]
[BlackElo "2408"]
[PlyCount "124"]

1. Nf3 d5 2. e3 c6 3. c4 e6 4. b3 f5 5. Bb2 Nf6 6. Be2 Bd6 7. Qc2 0-0 8. h3 Qe7 9. g4 Na6 10. a3 e5 11. g5 Ne8 12. Nc3 Nac7 13. h4 d4 14. exd4 e4 15. Ng1 Ne6 16. Na4 b5 17. cxb5 cxb5 18. Bxb5 Bb7 19. Bc6 Rc8 20. d5 Nf4 21. Bd4 Rf7 22. Nc3 Nd3+ 23. Kf1 Bxc6 24. dxc6 Rxc6 25. Nge2 Be5 26. Rh3 Bxd4 27. Nxd4 Qc5 28. Rxd3 exd3 29. Qxd3 Rd6 30. Nce2 Nc7 31. Rc1 Qd5 32. Qe3 Ne6 33. Nxe6 Qxe6 34. Nd4 Qe4 35. Rc8+ Rf8 36. Rxf8+ Kxf8 37. Nf3 Ke8 38. Ke2 Kd8 39. Qxe4 fxe4 40. Ne5 Rd5 41. Nc6+ Kc7 42. Nb4 Rb5 43. Ke3 a5 44. Nc2 Rxb3+ 45. Kxe4 Rh3 46. Ne3 Rxh4+ 47. Ke5 Ra4 48. Nc2 Rc4 49. Nd4 Kd7 50. f4 g6 51. Ne6 Ke7 52. Nd4 Rc5+ 53. Ke4 a4 54. Kd3 Rc1 55. f5 gxf5 56. Nxf5+ Kf7 57. Ke4 Ra1 58. d4 Rxa3 59. d5 Ra1 60. Nd4 Rd1 61. Nf3 a3 62. Ne5+ Ke8 0-1

[Event "81st ch-ESP 2016"]
[White "Garriga Cazorla, Pere"]
[Black "Navarro Lopez-Menchero, Daniel"]
[Site "Linares ESP"]
[Result "1/2-1/2"]
[Date "2016.08.06"]
[WhiteElo "2392"]
[BlackElo "2233"]
[PlyCount "143"]

1. d4 d5 2. c4 dxc4 3. e4 Nc6 4. Nf3 Bg4 5. d5 Ne5 6. Bf4 Ng6 7. Be3 e5 8. Bxc4 a6 9. Nc3 Nf6 10. Be2 Bd6 11. Nd2 Bd7 12. 0-0 b5 13. a3 c6 14. Nb3 0-0 15. Nc5 cxd5 16. Nxd5 Bc6 17. Nb4 Bxc5 18. Bxc5 Qxd1 19. Rfxd1 Rfc8 20. Nxc6 Rxc6 21. b4 Nxe4 22. Bf3 f5 23. g3 Nf8 24. a4 bxa4 25. Rxa4 Rb8 26. Be3 Rc4 27. Rd5 Rcxb4 28. Rxb4 Rxb4 29. Rxe5 Rb5 30. Re7 Ng6 31. Ra7 h6 32. Be2 Rb1+ 33. Kg2 Rb4 34. Rxa6 Ne5 35. h3 Kf7 36. Bh5+ g6 37. Be2 h5 38. Ra5 Ke6 39. Bf4 Nc6 40. Ra2 Nc3 41. Rc2 Nxe2 42. Rxc6+ Kf7 43. Rc7+ Kf6 44. Bd2 Re4 45. h4 f4 46. Kf3 Re8 47. Bxf4 Nxf4 48. Kxf4 Re6 49. f3 Ra6 50. Rc4 Rb6 51. g4 hxg4 52. fxg4 Ra6 53. Rd4 Rb6 54. g5+ Kf7 55. Ke5 Re6+ 56. Kd5 Re1 57. Rf4+ Kg7 58. Re4 Rd1+ 59. Ke5 Ra1 60. Ke6 Ra6+ 61. Kd7 Ra7+ 62. Kc6 Kf7 63. Rf4+ Kg7 64. Rd4 Ra6+ 65. Kc7 Ra7+ 66. Kd8 Ra8+ 67. Ke7 Ra1 68. Rd7 Re1+ 69. Kd6+ Kf8 70. Rh7 Re2 71. Kd7 Re1 72. Kd6 1/2-1/2

[Event "81st ch-ESP 2016"]
[White "Tejedor Fuente, Enrique"]
[Black "Silva Lucena, Cristian"]
[Site "Linares ESP"]
[Result "1-0"]
[Date "2016.08.06"]
[WhiteElo "2377"]
[BlackElo "2230"]
[PlyCount "65"]

1. e4 c5 2. Nc3 a6 3. g3 b5 4. Bg2 Bb7 5. d3 e6 6. Nh3 Qc7 7. 0-0 d6 8. f4 Nf6 9. g4 b4 10. g5 bxc3 11. gxf6 Nd7 12. fxg7 Bxg7 13. bxc3 Bxc3 14. Rb1 0-0-0 15. Rb3 Bd4+ 16. Kh1 Bc6 17. Ng5 Rdf8 18. Bd2 h6 19. Nf3 Bf6 20. Qc1 c4 21. Ra3 Qb7 22. Bc3 Rhg8 23. Bxf6 Nxf6 24. Nd4 Bd7 25. Rc3 Qb6 26. Rxc4+ Kd8 27. Qe3 Qb7 28. Nb3 Ke7 29. Qd4 Qb5 30. e5 dxe5 31. fxe5 Ng4 32. Qd6+ Ke8 33. Rb4 1-0

[Event "81st ch-ESP 2016"]
[White "Redondo Benavente, Jose Carlos"]
[Black "Ladron De Guevara Pinto, Paolo"]
[Site "Linares ESP"]
[Result "0-1"]
[Date "2016.08.06"]
[WhiteElo "2206"]
[BlackElo "2369"]
[PlyCount "101"]

1. e4 e6 2. d4 d5 3. Nc3 Nf6 4. Bg5 Be7 5. e5 Nfd7 6. Bxe7 Qxe7 7. Qg4 0-0 8. Bd3 c5 9. Nf3 cxd4 10. Nb5 f5 11. Qg5 Qc5 12. Qf4 Nc6 13. Nbxd4 Ndxe5 14. Nxe5 Qxd4 15. Qxd4 Nxd4 16. 0-0 Nc6 17. Rfe1 Nxe5 18. Rxe5 Kf7 19. Rae1 Kf6 20. h3 Bd7 21. f4 Rac8 22. g4 g6 23. Kf2 h6 24. Kg3 a6 25. h4 Rfe8 26. g5+ Kf7 27. c3 Rh8 28. R5e2 hxg5 29. hxg5 Ke7 30. Rh2 Rxh2 31. Kxh2 Kd6 32. Kg3 Rh8 33. Bf1 Rh1 34. Kg2 Rh4 35. Kf3 Bc6 36. Ke3 Rh1 37. Rd1 Bb5 38. Be2 Rh3+ 39. Bf3 Rh2 40. Rd2 Rh3 41. Kf2 Rh2+ 42. Ke3 Rh4 43. Rd4 Bc6 44. b4 Rh2 45. Rd2 Rh3 46. Kf2 Rh2+ 47. Ke3 Rxd2 48. Kxd2 e5 49. Ke3 d4+ 50. cxd4 exd4+ 51. Kxd4 0-1

[Event "81st ch-ESP 2016"]
[White "Matnadze, Ana"]
[Black "Ramirez Medina, Victor"]
[Site "Linares ESP"]
[Result "1-0"]
[Date "2016.08.06"]
[WhiteElo "2355"]
[BlackElo "2209"]
[PlyCount "95"]

1. d4 Nf6 2. Nf3 e6 3. c4 d5 4. Nbd2 c6 5. Qc2 Nbd7 6. e3 Bd6 7. Bd3 0-0 8. c5 Bc7 9. b4 e5 10. dxe5 Nxe5 11. Nxe5 Bxe5 12. Rb1 Re8 13. Nf3 Bc7 14. Bb2 h6 15. Bd4 Ne4 16. Qb2 f6 17. Rc1 Qe7 18. h3 f5 19. Rc2 Bd7 20. b5 Ba5+ 21. Kf1 Bc7 22. a4 Rab8 23. Qa2 Qf7 24. Qa1 Qe7 25. g3 Ng5 26. Ng1 Ne6 27. Be5 Bxe5 28. Qxe5 Ng5 29. Qxe7 Rxe7 30. Kg2 Ne4 31. Ne2 Ree8 32. Nd4 g6 33. Rb1 Rec8 34. Rbc1 Kf7 35. a5 cxb5 36. f3 Nf6 37. Bxb5 Ke7 38. Rb1 b6 39. axb6 Bxb5 40. bxa7 Ra8 41. Nxb5 Nd7 42. c6 Ne5 43. c7 Nc4 44. Kf2 Kd7 45. Ra2 Nd6 46. Nxd6 Kxd6 47. Rb8 Kxc7 48. Rc2+ 1-0

[Event "81st ch-ESP 2016"]
[White "Gines Esteo, Pedro Antonio"]
[Black "Montoliu Cervero, Francisco"]
[Site "Linares ESP"]
[Result "0-1"]
[Date "2016.08.06"]
[WhiteElo "2194"]
[BlackElo "2346"]
[PlyCount "150"]

1. d4 d5 2. Nf3 Nf6 3. c4 dxc4 4. e3 e6 5. Bxc4 a6 6. 0-0 b5 7. Be2 Bb7 8. Nbd2 c5 9. dxc5 Bxc5 10. a3 0-0 11. b4 Bd6 12. Bb2 Qe7 13. Rc1 e5 14. Qc2 Nbd7 15. Rfd1 e4 16. Nd4 Qe5 17. Nf1 Rac8 18. Nxb5 Rxc2 19. Rxc2 Qe6 20. Nxd6 Bd5 21. Nc4 Rc8 22. Rdc1 h6 23. h3 Kh7 24. Nfd2 Ne8 25. Nb3 Nd6 26. Bg4 Qe7 27. Nba5 Nxc4 28. Nxc4 Be6 29. Be2 Qg5 30. Kh2 Qh4 31. Bf1 Qe7 32. Bd4 Bd5 33. Kg1 Rc6 34. Na5 Rxc2 35. Rxc2 Qd6 36. Bc5 Qg6 37. Bd4 Qd6 38. Bc5 Qe6 39. Bd4 Ne5 40. Bxe5 Qxe5 41. Rc5 Qd6 42. Rc1 Qf6 43. Rc5 Be6 44. Rc6 Qa1 45. Rxa6 Qxa3 46. Nc6 Qc1 47. Ne5 Qb2 48. Nc6 Qb1 49. Ne5 Qxb4 50. Ng4 Qe1 51. Nh2 Bc4 52. Rc6 Bd3 53. Rd6 h5 54. Rc6 h4 55. Rc5 Kg6 56. Rd5 f6 57. Rc5 Qa1 58. Rd5 Kf7 59. Rd7+ Kf8 60. Rd5 Ke7 61. Rd4 Qb1 62. Rd5 g5 63. Rd4 f5 64. Rd5 Ke6 65. Rd8 Qe1 66. Re8+ Kf7 67. Re5 Kf6 68. Rc5 f4 69. Rc6+ Ke7 70. Rc7+ Kd6 71. Rf7 Ke6 72. Rf8 fxe3 73. Rf6+ Kxf6 74. Ng4+ Kf7 75. Nxe3 Kg6 0-1

[Event "81st ch-ESP 2016"]
[White "Garcia Vicente, Nieves"]
[Black "Carrasco Martinez, Juan M."]
[Site "Linares ESP"]
[Result "0-1"]
[Date "2016.08.06"]
[WhiteElo "2174"]
[BlackElo "2342"]
[PlyCount "114"]

1. d4 d6 2. Nf3 Bg4 3. c4 Bxf3 4. gxf3 Nd7 5. Nc3 g6 6. e4 Bg7 7. Be3 c6 8. Qd2 Ngf6 9. Be2 e6 10. 0-0-0 Qa5 11. Kb1 0-0 12. Nd5 Qxd2 13. Nxf6+ Nxf6 14. Rxd2 d5 15. cxd5 exd5 16. Bg5 Rfe8 17. e5 Nd7 18. f4 f6 19. Bh4 Bh6 20. exf6 Bxf4 21. Rc2 Kf7 22. b4 Re4 23. Rd1 Rae8 24. Bf3 Re1 25. Kb2 Rxd1 26. Bxd1 Re4 27. Kc3 Bd6 28. Bg5 Bxb4+ 29. Kd3 c5 30. Be3 c4+ 31. Rxc4 Rxe3+ 32. fxe3 dxc4+ 33. Kxc4 Bd2 34. e4 Kxf6 35. e5+ Ke7 36. Bf3 Bf4 37. h3 Bxe5 38. Bxb7 Bf6 39. Kd5 Nb6+ 40. Kc5 g5 41. Bf3 Kd7 42. Bg4+ Kc7 43. Bf3 h6 44. Bg4 a6 45. d5 Be7+ 46. Kd4 Kd6 47. Be6 a5 48. Bf7 Bf6+ 49. Ke4 a4 50. Kf5 Bc3 51. Kg6 Bd2 52. Kh5 a3 53. h4 Nxd5 54. hxg5 hxg5 55. Kg4 Ke5 56. Kf3 Kd4 57. Be6 Nb4 0-1

[Event "81st ch-ESP 2016"]
[White "Jimenez Martinez, Jose Vicente"]
[Black "Sanchez Sanchez, Javier"]
[Site "Linares ESP"]
[Result "1-0"]
[Date "2016.08.06"]
[WhiteElo "2329"]
[BlackElo "1806"]
[PlyCount "85"]

1. d4 Nf6 2. c4 e6 3. Nf3 b6 4. g3 Bb7 5. Bg2 Be7 6. 0-0 0-0 7. Nc3 d6 8. Qc2 c5 9. d5 exd5 10. cxd5 Nxd5 11. Nxd5 Bxd5 12. Ng5 Bxg5 13. Bxd5 Nd7 14. Bxa8 Bxc1 15. Be4 Bg5 16. Bxh7+ Kh8 17. Be4 Qf6 18. Rad1 Qh6 19. Qd3 Be7 20. Qa6 Ne5 21. Bg2 f5 22. Qxa7 Bd8 23. Qb8 Be7 24. Qc7 Rf7 25. Rd5 g5 26. Rfd1 f4 27. Rxd6 Bxd6 28. Rxd6 Qxh2+ 29. Kxh2 Rxc7 30. Rxb6 Kg7 31. Rb7 Ng4+ 32. Kg1 Rxb7 33. Bxb7 fxg3 34. f3 Ne3 35. a4 Nc4 36. b3 Nd6 37. a5 Nb5 38. Kg2 Kf6 39. Kxg3 Na7 40. Kg4 Nb5 41. a6 Na7 42. e4 Nb5 43. e5+ 1-0

[Event "81st ch-ESP 2016"]
[White "Vallejo Pons, Francisco"]
[Black "Tejedor Fuente, Enrique"]
[Site "Linares ESP"]
[Result "1-0"]
[Date "2016.08.07"]
[WhiteElo "2713"]
[BlackElo "2377"]
[PlyCount "105"]

1. e4 e6 2. d4 d5 3. Nc3 Nf6 4. e5 Nfd7 5. f4 c5 6. Nf3 Nc6 7. Be3 a6 8. Ne2 b5 9. a3 Qc7 10. c3 Rb8 11. dxc5 Nxc5 12. Ned4 Be7 13. Be2 Na4 14. Qc2 Bd7 15. 0-0 Nxd4 16. Nxd4 Rc8 17. Rf3 g6 18. Raf1 Nc5 19. Kh1 Ne4 20. Bd3 Nc5 21. Be2 Ne4 22. g4 h5 23. Rh3 f6 24. Nf3 g5 25. fxg5 fxg5 26. Bxg5 Bxg5 27. Nxg5 Bc6 28. Qd3 Qe7 29. Nxe4 dxe4 30. Qe3 Kd7 31. Rxh5 Rxh5 32. gxh5 Kc7 33. h6 Rg8 34. Rg1 Rxg1+ 35. Kxg1 Qh4 36. Bf1 Qg4+ 37. Bg2 Qd1+ 38. Kf2 Qh5 39. Bh3 Qh4+ 40. Ke2 Bd5 41. Kd2 Kb7 42. Kc2 Bc4 43. Kc1 a5 44. Bg2 Bd5 45. Bf1 Kc6 46. a4 Bc4 47. Bxc4 bxc4 48. Kb1 Qg4 49. Ka2 Qf3 50. Qd4 Qf5 51. Qd6+ Kb7 52. Qd7+ Kb6 53. h7 1-0

[Event "81st ch-ESP 2016"]
[White "Vazquez Igarza, Renier"]
[Black "Ladron De Guevara Pinto, Paolo"]
[Site "Linares ESP"]
[Result "1/2-1/2"]
[Date "2016.08.07"]
[WhiteElo "2589"]
[BlackElo "2369"]
[PlyCount "100"]

1. Nf3 Nf6 2. c4 g6 3. g3 Bg7 4. Bg2 0-0 5. 0-0 d6 6. d4 Nc6 7. Nc3 a6 8. Bf4 Bf5 9. Rc1 Ne4 10. Nxe4 Bxe4 11. d5 Nb8 12. Qd2 c5 13. Bh3 Bxf3 14. exf3 Nd7 15. Rfe1 Re8 16. Kg2 b5 17. b3 Rb8 18. Bxd7 Qxd7 19. h4 h5 20. Qd3 Bd4 21. Rc2 Kg7 22. Rce2 e6 23. dxe6 Rxe6 24. Rxe6 fxe6 25. cxb5 axb5 26. b4 Ra8 27. bxc5 Bxc5 28. Qc3+ Kf7 29. Rd1 Qe7 30. Bg5 Qe8 31. Be3 Ra3 32. Qc1 Qa8 33. Bxc5 Qxf3+ 34. Kg1 Rc3 35. Qd2 Rxc5 36. Qxd6 Qc6 37. Qf4+ Kg7 38. a3 Rf5 39. Qe3 Rd5 40. Rc1 Qd7 41. Kh2 Rf5 42. Rc2 Qd6 43. Re2 e5 44. Rd2 Qc6 45. Qa7+ Rf7 46. Qb8 Qc5 47. Kg2 Qc6+ 48. Kh2 Qc5 49. Kg2 Qc6+ 50. Kh2 Qc5 1/2-1/2

[Event "81st ch-ESP 2016"]
[White "Alonso Rosell, Alvar"]
[Black "Matnadze, Ana"]
[Site "Linares ESP"]
[Result "1/2-1/2"]
[Date "2016.08.07"]
[WhiteElo "2524"]
[BlackElo "2355"]
[PlyCount "61"]

1. d4 Nf6 2. c4 e6 3. Nf3 b6 4. g3 Bb7 5. Bg2 Be7 6. 0-0 0-0 7. Re1 d5 8. cxd5 exd5 9. Nc3 Nbd7 10. Bf4 Ne4 11. Qb3 Nxc3 12. Qxc3 c5 13. dxc5 bxc5 14. Rad1 Qb6 15. Qc2 Nf6 16. Be5 Ne4 17. b3 Bf6 18. e3 Rfe8 19. Bb2 Rad8 20. Nd2 Nxd2 21. Bxf6 Qxf6 22. Rxd2 Qb6 23. Rc1 d4 24. Bxb7 Qxb7 25. exd4 cxd4 26. Rcd1 h5 27. h4 Re4 28. Re2 Rxe2 29. Qxe2 Qd5 30. Qc4 Qe5 31. Ra1 1/2-1/2

[Event "81st ch-ESP 2016"]
[White "Montoliu Cervero, Francisco"]
[Black "Del Rio De Angelis, Salvador G."]
[Site "Linares ESP"]
[Result "1/2-1/2"]
[Date "2016.08.07"]
[WhiteElo "2346"]
[BlackElo "2522"]
[PlyCount "71"]

1. e4 e6 2. d4 d5 3. e5 c5 4. c3 Nc6 5. Nf3 Bd7 6. Be2 Nge7 7. Na3 cxd4 8. cxd4 Nf5 9. Nc2 Rc8 10. Bd2 Qb6 11. Bc3 Na5 12. Bd3 Be7 13. Bxf5 exf5 14. Ne3 Be6 15. Qa4+ Nc6 16. g3 0-0 17. 0-0 Qd8 18. Ng2 Qd7 19. Qd1 b5 20. b3 Qc7 21. Bb2 Qb6 22. Nf4 Rc7 23. Qd2 Rfc8 24. Rfc1 Nb4 25. Ne1 Rxc1 26. Rxc1 Rxc1 27. Bxc1 Nc6 28. Nc2 b4 29. Ne2 a5 30. Ne3 Na7 31. Qc2 Qc6 32. Qxc6 Nxc6 33. Bb2 g5 34. f4 g4 35. Kf2 Kf8 36. Ke1 1/2-1/2

[Event "81st ch-ESP 2016"]
[White "Carrasco Martinez, Juan M."]
[Black "Arizmendi Martinez, Julen Luis"]
[Site "Linares ESP"]
[Result "1/2-1/2"]
[Date "2016.08.07"]
[WhiteElo "2342"]
[BlackElo "2496"]
[PlyCount "93"]

1. d4 Nf6 2. Nf3 d6 3. c4 g6 4. Nc3 Bg7 5. h3 0-0 6. e4 Na6 7. Bg5 Qe8 8. g4 c5 9. Qd2 Bd7 10. Rd1 Rc8 11. Be2 cxd4 12. Nxd4 Nc5 13. f3 Ne6 14. Be3 Nxd4 15. Bxd4 b6 16. h4 Be6 17. b3 Qc6 18. h5 a6 19. Rc1 Qb7 20. a4 Rc5 21. Nd5 Bxd5 22. exd5 Rcc8 23. h6 Bh8 24. Qb2 e5 25. dxe6 fxe6 26. g5 e5 27. Bc3 Nd7 28. Qd2 Nc5 29. Rd1 Rf7 30. b4 Nxa4 31. Ba1 e4 32. 0-0 exf3 33. Qxd6 Bxa1 34. Bxf3 Qe7 35. Qxe7 Rxe7 36. Rxa1 b5 37. Bd5+ Kh8 38. Rf6 Re5 39. Rxa6 Rxg5+ 40. Kf2 Rf8+ 41. Ke3 bxc4 42. R1xa4 Rxd5 43. Ra8 Kg8 44. Rxf8+ Kxf8 45. Ra7 Rb5 46. Rxh7 Kg8 47. Ke4 1/2-1/2

[Event "81st ch-ESP 2016"]
[White "Narciso Dublan, Marc"]
[Black "Martinez Lopez, David"]
[Site "Linares ESP"]
[Result "1-0"]
[Date "2016.08.07"]
[WhiteElo "2482"]
[BlackElo "2334"]
[PlyCount "121"]

1. d4 e6 2. c4 Nf6 3. Nc3 Bb4 4. Qc2 d6 5. Bg5 Nbd7 6. e3 h6 7. Bh4 b6 8. Bd3 Bb7 9. f3 c5 10. Nge2 cxd4 11. exd4 0-0 12. 0-0 a6 13. a3 Bxc3 14. Nxc3 Rc8 15. Rfd1 Qc7 16. Rac1 Qb8 17. b4 Rfe8 18. Qb3 Nh5 19. Bf1 Nhf6 20. Bg3 e5 21. dxe5 dxe5 22. Na4 Bc6 23. c5 b5 24. Nc3 Qb7 25. Rd6 e4 26. fxe4 Nxe4 27. Nxe4 Bxe4 28. Rcd1 Bc6 29. Bf4 Ne5 30. Qg3 Ng6 31. Bd2 Rcd8 32. Bc3 Rxd6 33. Rxd6 Be4 34. h4 h5 35. Qg5 Bc2 36. Be2 f6 37. Qd2 Qe4 38. Bxh5 Qxh4 39. Bf3 Nf4 40. Rd4 g5 41. Rd8 Bg6 42. Rxe8+ Bxe8 43. Qe1 Qxe1+ 44. Bxe1 Kf7 45. Bg3 Ke6 46. Bxf4 gxf4 47. Bb7 Kd7 48. Kf2 Kc7 49. Bd5 Bh5 50. Ke1 Bg4 51. Kd2 Bf5 52. Kc3 Bg6 53. Kd4 Bc2 54. Be4 Bb3 55. Bf5 Kc6 56. Bc8 Bd1 57. Ke4 a5 58. Kxf4 axb4 59. axb4 Bc2 60. Bf5 Bb3 61. Ke4 1-0

[Event "81st ch-ESP 2016"]
[White "Gonzalez De La Torre, Santiago"]
[Black "Jimenez Martinez, Jose Vicente"]
[Site "Linares ESP"]
[Result "1-0"]
[Date "2016.08.07"]
[WhiteElo "2452"]
[BlackElo "2329"]
[PlyCount "67"]

1. e4 d6 2. d4 g6 3. Nc3 Bg7 4. Be3 a6 5. h4 Nf6 6. Be2 h5 7. f3 b5 8. Nh3 Bb7 9. Ng5 Nbd7 10. a4 c6 11. 0-0 Qc7 12. f4 b4 13. Na2 c5 14. d5 Nh7 15. Nxh7 Rxh7 16. c3 a5 17. Rc1 Qb6 18. Bb5 Ba6 19. cxb4 axb4 20. Nxb4 Bxb5 21. axb5 Qxb5 22. Nc6 Nb8 23. b4 Nxc6 24. dxc6 Qxc6 25. bxc5 Qxe4 26. Bf2 dxc5 27. Re1 Qxf4 28. Qd5 Rc8 29. Qb7 Qc7 30. Rxe7+ Kxe7 31. Bxc5+ Ke6 32. Qb3+ Kd7 33. Qd5+ Ke8 34. Re1+ 1-0

[Event "81st ch-ESP 2016"]
[White "Suarez Gomez, Julio"]
[Black "Vehi Bach, Victor Manuel"]
[Site "Linares ESP"]
[Result "1-0"]
[Date "2016.08.07"]
[WhiteElo "2429"]
[BlackElo "2318"]
[PlyCount "109"]

1. e4 c5 2. Nf3 e6 3. d4 cxd4 4. Nxd4 Nf6 5. Nc3 d6 6. Be3 Be7 7. f3 h5 8. Qd2 a6 9. 0-0-0 b5 10. Kb1 Bb7 11. Nce2 Nbd7 12. Nf4 Nc5 13. Nb3 Nxb3 14. axb3 Qd7 15. Bb6 e5 16. Nd3 Qe6 17. Ba5 0-0 18. Re1 Bd8 19. g3 Bxa5 20. Qxa5 Nd7 21. Qc7 Rab8 22. h4 Rfc8 23. Qa5 Qe8 24. Bh3 Qd8 25. Qd2 Rc7 26. Rd1 Qe7 27. Nb4 a5 28. Qxd6 Qxd6 29. Rxd6 axb4 30. Bxd7 Bc8 31. Rhd1 Bxd7 32. Rxd7 Rxd7 33. Rxd7 Rb6 34. Rd5 Rg6 35. Rxe5 Rxg3 36. Rxh5 Rxf3 37. Rxb5 Rf1+ 38. Ka2 Rf2 39. Rxb4 Rxc2 40. Rd4 Rh2 41. b4 Rxh4 42. b5 Kf8 43. Kb3 Ke7 44. b6 g5 45. Ka4 Rh8 46. Kb5 Rb8 47. Rd5 f6 48. Rf5 Ke6 49. b4 g4 50. Rf4 Rg8 51. b7 g3 52. Rf1 Ke5 53. Rg1 Kxe4 54. Rxg3 Rf8 55. Rc3 1-0

[Event "81st ch-ESP 2016"]
[White "Cruz Lledo, Pablo"]
[Black "Jimenez Bernal, Francisco"]
[Site "Linares ESP"]
[Result "0-1"]
[Date "2016.08.07"]
[WhiteElo "2414"]
[BlackElo "2237"]
[PlyCount "52"]

1. d4 Nf6 2. c4 c5 3. d5 b5 4. cxb5 a6 5. b6 e6 6. Nc3 Nxd5 7. Nxd5 exd5 8. Qxd5 Nc6 9. Nf3 Rb8 10. e4 Be7 11. Bc4 0-0 12. 0-0 Rxb6 13. Ng5 Qe8 14. b3 Nd4 15. Nh3 Bb7 16. Qe5 Bf6 17. Qxc5 Qxe4 18. Nf4 Rb5 19. Bxb5 axb5 20. Qh5 Ne6 21. f3 Qd4+ 22. Kh1 Qxa1 23. Nxe6 fxe6 24. Qxb5 Bc6 25. Qe2 Ra8 26. a4 Qc3 0-1

[Event "81st ch-ESP 2016"]
[White "Rubio Tent, Francisco"]
[Black "Anton Guijarro, David"]
[Site "Linares ESP"]
[Result "0-1"]
[Date "2016.08.07"]
[WhiteElo "2199"]
[BlackElo "2627"]
[PlyCount "52"]

1. e4 c5 2. Nf3 Nc6 3. d4 cxd4 4. Nxd4 g6 5. Nc3 Bg7 6. Nb3 Nf6 7. Be2 0-0 8. 0-0 d6 9. Re1 a5 10. Bb5 Bd7 11. a4 Nb4 12. Bxd7 Nxd7 13. Nd5 Ne5 14. Bg5 Re8 15. c3 Nbd3 16. Re2 h6 17. Be3 e6 18. Nf4 Nxf4 19. Bxf4 Nc4 20. Nd2 Nxb2 21. Qc2 Rc8 22. Qxb2 Bxc3 23. Qa3 Qf6 24. Rc1 Bb4 25. Rxc8 Rxc8 26. Qe3 Rc3 0-1

[Event "81st ch-ESP 2016"]
[White "Lopez Mulet, Inigo"]
[Black "Forcen Esteban, Daniel"]
[Site "Linares ESP"]
[Result "0-1"]
[Date "2016.08.07"]
[WhiteElo "2343"]
[BlackElo "2561"]
[PlyCount "112"]

1. d4 Nf6 2. c4 c5 3. d5 e6 4. Nc3 exd5 5. cxd5 d6 6. g3 g6 7. Bg2 Bg7 8. Nf3 0-0 9. 0-0 Re8 10. Re1 Ne4 11. Nxe4 Rxe4 12. Bg5 Qc7 13. Qc2 Re8 14. e4 Nd7 15. h3 b6 16. Bd2 Ba6 17. Bc3 Bxc3 18. Qxc3 b5 19. e5 dxe5 20. d6 Qxd6 21. Rad1 Qc7 22. Rxd7 Qxd7 23. Nxe5 Qd4 24. Qxd4 cxd4 25. Bxa8 Rxa8 26. Nc6 d3 27. Nb4 d2 28. Rd1 Re8 29. Rxd2 Bb7 30. Kf1 Bf3 31. Nd5 Kg7 32. Ne3 Re6 33. Rd4 g5 34. Rd7 Kg6 35. Rxa7 f5 36. g4 f4 37. Nf5 Be4 38. Rg7+ Kf6 39. Rxh7 Bd3+ 40. Kg2 Re2 41. Rh6+ Ke5 42. Rh8 Be4+ 43. Kf1 Rxb2 44. Re8+ Kd5 45. Ra8 Kc5 46. Ra3 Bd5 47. Ke1 Bxa2 48. h4 gxh4 49. Nxh4 Bc4 50. g5 Re2+ 51. Kd1 Rxf2 52. g6 Rh2 53. Nf5 Rh5 54. Ne7 Re5 55. Ra7 f3 56. Rc7+ Kd6 0-1

[Event "81st ch-ESP 2016"]
[White "Andres Gonzalez, Alberto"]
[Black "Lopez Gonzalez, Daniel"]
[Site "Linares ESP"]
[Result "1-0"]
[Date "2016.08.07"]
[WhiteElo "2512"]
[BlackElo "2279"]
[PlyCount "45"]

1. c4 c6 2. d4 Nf6 3. Nf3 d5 4. Qc2 dxc4 5. Qxc4 Bf5 6. g3 e6 7. Bg2 Nbd7 8. 0-0 Be7 9. Nc3 0-0 10. Re1 Ne4 11. Bf4 Qb6 12. Nh4 Bxh4 13. gxh4 Nef6 14. e4 Bg6 15. Na4 Qa5 16. Nc5 Nxc5 17. dxc5 Rfe8 18. Red1 e5 19. Bg5 Nh5 20. Rd7 Nf4 21. Rad1 Bh5 22. Bxf4 exf4 23. Bf3 1-0

[Event "81st ch-ESP 2016"]
[White "Suarez Uriel, Adrian"]
[Black "Santos Ruiz, Miguel"]
[Site "Linares ESP"]
[Result "1/2-1/2"]
[Date "2016.08.07"]
[WhiteElo "2311"]
[BlackElo "2440"]
[PlyCount "83"]

1. e4 c5 2. Nf3 d6 3. d4 cxd4 4. Nxd4 Nf6 5. Nc3 a6 6. h3 e5 7. Nde2 h5 8. Bg5 Be6 9. Bxf6 Qxf6 10. Nd5 Qd8 11. Nec3 g6 12. Ne3 Bh6 13. Ncd5 Nd7 14. Qf3 Nb6 15. Rd1 Bxe3 16. Nxe3 0-0 17. Be2 Na4 18. g4 h4 19. Nf5 Qg5 20. Qa3 gxf5 21. gxf5 Bd7 22. Kf1 Nxb2 23. Qxb2 Kh7 24. Rxd6 Rg8 25. Qxe5 Bc6 26. Bf3 Rad8 27. Rxd8 Bb5+ 28. Qxb5 axb5 29. Rxg8 Qxg8 30. Be2 Qg7 31. Bxb5 Qa1+ 32. Kg2 Qxa2 33. Bd3 Qb2 34. Re1 Qg7+ 35. Kf3 Qe5 36. Re3 Kh6 37. Bc4 f6 38. Bd5 b6 39. Kg2 Kg5 40. Kf3 Qf4+ 41. Ke2 Qc7 42. c4 1/2-1/2